[Event "Filho x Papai"]
[Site "http://www.queenalice.com/game.php?id=155962"]
[Date "2007.1.19"]
[Round "-"]
[White "matheusbratz"]
[Black "marcosbratz"]
[Result "0-1"]
[WhiteElo "1100"]
[BlackElo "1532"]

1. e4 e5 2. Nf3 Nc6 3. Nc3 Nf6 4. Bc4 Bc5 5. O-O O-O 6. Re1 a6 7. h3 b5 8. Bd5
Bb7 9. d4 exd4 10. Ne2 Re8 11. Bf4 Nxe4 12. Bxe4 Rxe4 13. Rf1 d6 14. c3 Qe8 15.
Re1 d3 16. Nc1 Rxe1+ 17. Qxe1 Qxe1+ 18. Nxe1 d2 19. Nf3 d1=Q+ 20. Kh2 Bxf2 21.
h4 Ne5 22. Ng5 Bxg2 23. Kxg2 Qg1+ 24. Kh3 Qh1+ 25. Bh2 Qf1# 0-1

[Event "Filho x Mamãe"]
[Site "http://www.queenalice.com/game.php?id=155963"]
[Date "2007.1.19"]
[Round "-"]
[White "matheusbratz"]
[Black "sancdb"]
[Result "0-1"]
[WhiteElo "1102"]
[BlackElo "1319"]

1. e4 e5 2. Bb5 c6 3. Nf3 cxb5 4. Nxe5 f6 5. O-O fxe5 6. d3 Bc5 7. h4 Qxh4 8. g3
Qf6 9. Kh1 d6 10. Nc3 Qh6+ 11. Kg2 g5 12. Rh1 Qf6 13. Nd5 Qd8 14. Qh5+ Kd7 15.
Bxg5 Qf8 16. Raf1 h6 17. Bd2 Kd8 18. f4 Ne7 19. fxe5 Qg8 20. Bxh6 Nbc6 21. Rf8+
Kd7 22. Rxg8 Nxg8 23. Qf7+ Nce7 24. Nxe7 Rxh6 25. Rxh6 Nxh6 26. Qf6 Ng4 27. Qf5+
Kxe7 28. Qg5+ Nf6 29. exf6+ Ke8 0-1

[Event "Let's Play Chess!"]
[Site "http://www.queenalice.com/game.php?id=156547"]
[Date "2007.1.20"]
[Round "-"]
[White "Stegyre"]
[Black "matheusbratz"]
[Result "1-0"]
[WhiteElo "1596"]
[BlackElo "1100"]

1. e4 e5 2. Nf3 Qg5 3. d3 Qe7 4. b3 g5 5. Bxg5 f6 6. Bd2 d6 7. Be2 Nc6 8. Nh4
Be6 9. Bh5+ Bf7 10. Nf5 Qd7 11. Qg4 O-O-O 12. Bxf7 Qxf7 13. Nxd6+ Kb8 14. Nxf7
f5 15. Qxf5 Nh6 16. Bxh6 Bxh6 17. Nxh8 Rxh8 18. Qf6 Bg7 19. Qxg7 Rd8 20. Qxh7 b6
21. Nc3 Rxd3 22. cxd3 1-0

[Event "AUTO-BEG-73"]
[Site "http://www.queenalice.com/game.php?id=168589"]
[Date "2007.2.14"]
[Round "1"]
[White "efimbog"]
[Black "matheusbratz"]
[Result "1-0"]
[WhiteElo "1517"]
[BlackElo "1179"]

1. d4 d5 2. c4 dxc4 3. Nc3 e6 4. e4 Nc6 5. d5 Nf6 6. dxc6 Bd6 7. Nf3 O-O 8. e5
Be7 9. Qxd8 Rxd8 10. exf6 Rd3 11. fxe7 Rd8 12. exd8=Q# 1-0

[Event "AUTO-BEG-73"]
[Site "http://www.queenalice.com/game.php?id=168590"]
[Date "2007.2.14"]
[Round "1"]
[White "matheusbratz"]
[Black "efimbog"]
[Result "0-1"]
[WhiteElo "1102"]
[BlackElo "1521"]

1. e4 e5 2. Nf3 Nc6 3. Nc3 Bc5 4. Bc4 Nf6 5. O-O O-O 6. Nd5 d6 7. d3 Nxd5 8.
Bxd5 Ne7 9. c4 Nxd5 10. Nxe5 dxe5 11. cxd5 f5 0-1

[Event "Filho x Pai"]
[Site "http://www.queenalice.com/game.php?id=368497"]
[Date "2008.3.10"]
[Round "-"]
[White "matheusbratz"]
[Black "marcosbratz"]
[Result "0-1"]
[WhiteElo "1027"]
[BlackElo "1623"]

1. e4 e5 2. Nf3 d6 3. Bb5+ Bd7 4. O-O Bxb5 5. Nd4 Bxf1 6. Kxf1 exd4 7. h4 Qxh4
8. g3 Qh1+ 9. Ke2 Qxe4+ 10. Kf1 Qh1+ 0-1